<?xml version="1.0" encoding="UTF-8"?>
<collection xmlns="http://www.loc.gov/MARC21/slim">
 <record>
  <leader>04445cam a2200709 i 4500</leader>
  <controlfield tag="001">000713506</controlfield>
  <controlfield tag="003">OCoLC</controlfield>
  <controlfield tag="005">20240503153229.0</controlfield>
  <controlfield tag="005">20240308213017.0</controlfield>
  <controlfield tag="006">m        d</controlfield>
  <controlfield tag="007">cr cnu   unuuu</controlfield>
  <controlfield tag="008">230713s2024    maua    ob    001 0 eng</controlfield>
  <datafield tag="STA" ind1=" " ind2=" ">
   <subfield code="a">NEZPRACOVANÝ IMPORT</subfield>
  </datafield>
  <datafield tag="010" ind1=" " ind2=" ">
   <subfield code="a">  2023018765</subfield>
  </datafield>
  <datafield tag="020" ind1=" " ind2=" ">
   <subfield code="a">9781647823252</subfield>
   <subfield code="q">(epub)</subfield>
  </datafield>
  <datafield tag="020" ind1=" " ind2=" ">
   <subfield code="a">1647823250</subfield>
   <subfield code="q">(epub)</subfield>
  </datafield>
  <datafield tag="020" ind1=" " ind2=" ">
   <subfield code="z">9781647823245</subfield>
   <subfield code="q">(hardcover)</subfield>
  </datafield>
  <datafield tag="035" ind1=" " ind2=" ">
   <subfield code="a">3543112</subfield>
   <subfield code="b">(N$T)</subfield>
  </datafield>
  <datafield tag="035" ind1=" " ind2=" ">
   <subfield code="a">(OCoLC)1390706348</subfield>
  </datafield>
  <datafield tag="037" ind1=" " ind2=" ">
   <subfield code="a">82484339-A5BE-432A-ADA7-60AC5C7E3674</subfield>
   <subfield code="b">OverDrive, Inc.</subfield>
   <subfield code="n">http://www.overdrive.com</subfield>
  </datafield>
  <datafield tag="037" ind1=" " ind2=" ">
   <subfield code="a">9781647823252</subfield>
   <subfield code="b">O'Reilly Media</subfield>
  </datafield>
  <datafield tag="042" ind1=" " ind2=" ">
   <subfield code="a">pcc</subfield>
  </datafield>
  <datafield tag="050" ind1="0" ind2="4">
   <subfield code="a">BF637.S8</subfield>
   <subfield code="b">G423 2024eb</subfield>
  </datafield>
  <datafield tag="082" ind1="0" ind2="0">
   <subfield code="a">158.1</subfield>
   <subfield code="2">23/eng/20230714</subfield>
  </datafield>
  <datafield tag="100" ind1="1" ind2=" ">
   <subfield code="a">Gervais, Michael</subfield>
   <subfield code="c">(Psychologist),</subfield>
   <subfield code="e">author.</subfield>
  </datafield>
  <datafield tag="245" ind1="1" ind2="4">
   <subfield code="a">The first rule of mastery :</subfield>
   <subfield code="b">stop worrying about what people think of you /</subfield>
   <subfield code="c">Michael Gervais, PhD, with Kevin Lake.</subfield>
  </datafield>
  <datafield tag="246" ind1="3" ind2="0">
   <subfield code="a">Stop worrying about what people think of you</subfield>
  </datafield>
  <datafield tag="264" ind1=" " ind2="1">
   <subfield code="a">Boston, Massachusetts :</subfield>
   <subfield code="b">Harvard Business Review Press,</subfield>
   <subfield code="c">[2024]</subfield>
  </datafield>
  <datafield tag="300" ind1=" " ind2=" ">
   <subfield code="a">1 online resource (vi, 208 pages) :</subfield>
   <subfield code="b">illustrations</subfield>
  </datafield>
  <datafield tag="336" ind1=" " ind2=" ">
   <subfield code="a">text</subfield>
   <subfield code="b">txt</subfield>
   <subfield code="2">rdacontent</subfield>
  </datafield>
  <datafield tag="337" ind1=" " ind2=" ">
   <subfield code="a">computer</subfield>
   <subfield code="b">c</subfield>
   <subfield code="2">rdamedia</subfield>
  </datafield>
  <datafield tag="338" ind1=" " ind2=" ">
   <subfield code="a">online resource</subfield>
   <subfield code="b">cr</subfield>
   <subfield code="2">rdacarrier</subfield>
  </datafield>
  <datafield tag="504" ind1=" " ind2=" ">
   <subfield code="a">Includes bibliographical references and index.</subfield>
  </datafield>
  <datafield tag="505" ind1="0" ind2="0">
   <subfield code="t">Beethoven's secret --</subfield>
   <subfield code="t">Unmask.</subfield>
   <subfield code="t">The mechanics of FOPO --</subfield>
   <subfield code="t">Fear factors --</subfield>
   <subfield code="t">Identity : a breeding ground for FOPO --</subfield>
   <subfield code="t">Outsourcing self-worth --</subfield>
   <subfield code="t">The neurobiology of FOPO --</subfield>
   <subfield code="t">Assess.</subfield>
   <subfield code="t">Barry Manilow and the spotlight effect --</subfield>
   <subfield code="t">Do we really know what someone else is thinking? --</subfield>
   <subfield code="t">We see things as they [cross out over they] we are --</subfield>
   <subfield code="t">Social beings masquerading as separate selves --</subfield>
   <subfield code="t">Redefine.</subfield>
   <subfield code="t">Challenges to our closely held beliefs --</subfield>
   <subfield code="t">Look who's talking --</subfield>
   <subfield code="t">The litmus test.</subfield>
  </datafield>
  <datafield tag="520" ind1=" " ind2=" ">
   <subfield code="a">&quot;With the proliferation of social media, the intense pressure to succeed, and our overreliance on external rewards, metrics, and validation, FOPO is running rampant. Our concern with what other people think about us has become an irrational, unproductive, and unhealthy obsession in the modern world. And its negative effects reach into all aspects of our lives. In The First Rule of Mastery, Michael Gervais shows us the key to leading a high-performance life is to redirect our attention from the world outside us to the world inside us. As one of the world's leading experts on the relationship between the mind and human performance, Gervais takes an in-depth look at the noxious effects of FOPO while laying out the mental skills and practices we need to achieve personal excellence-the same skills he's taught to the top performers in the world including sports MVPs and Fortune 100 leaders and teams. Filled with fascinating stories from the worlds of sports and business, leading-edge science, and insights from the popular Finding Mastery podcast, The First Rule of Mastery is a much-needed wake-up call that when we give more value to other people's opinions than our own, we live life on their terms, not ours&quot;--</subfield>
   <subfield code="c">Provided by publisher.</subfield>
  </datafield>
  <datafield tag="588" ind1=" " ind2=" ">
   <subfield code="a">Description based on online resource; title from digital title page (ProQuest Ebook Central, viewed March 8, 2024).</subfield>
  </datafield>
  <datafield tag="590" ind1=" " ind2=" ">
   <subfield code="a">WorldCat record variable field(s) change: 050</subfield>
  </datafield>
  <datafield tag="650" ind1=" " ind2="0">
   <subfield code="a">Success</subfield>
   <subfield code="x">Psychological aspects.</subfield>
  </datafield>
  <datafield tag="650" ind1=" " ind2="0">
   <subfield code="a">Performance</subfield>
   <subfield code="x">Psychological aspects.</subfield>
  </datafield>
  <datafield tag="650" ind1=" " ind2="0">
   <subfield code="a">Cognitive psychology.</subfield>
  </datafield>
  <datafield tag="650" ind1=" " ind2="0">
   <subfield code="a">Other (Philosophy)</subfield>
   <subfield code="x">Psychological aspects.</subfield>
  </datafield>
  <datafield tag="650" ind1=" " ind2="0">
   <subfield code="a">Fear.</subfield>
  </datafield>
  <datafield tag="650" ind1=" " ind2="6">
   <subfield code="a">Succès</subfield>
   <subfield code="x">Aspect psychologique.</subfield>
  </datafield>
  <datafield tag="650" ind1=" " ind2="6">
   <subfield code="a">Psychologie cognitive.</subfield>
  </datafield>
  <datafield tag="650" ind1=" " ind2="6">
   <subfield code="a">Altérité</subfield>
   <subfield code="x">Aspect psychologique.</subfield>
  </datafield>
  <datafield tag="650" ind1=" " ind2="6">
   <subfield code="a">Peur.</subfield>
  </datafield>
  <datafield tag="650" ind1=" " ind2="7">
   <subfield code="a">fear.</subfield>
   <subfield code="2">aat</subfield>
  </datafield>
  <datafield tag="650" ind1=" " ind2="7">
   <subfield code="a">Cognitive psychology</subfield>
   <subfield code="2">fast</subfield>
  </datafield>
  <datafield tag="650" ind1=" " ind2="7">
   <subfield code="a">Fear</subfield>
   <subfield code="2">fast</subfield>
  </datafield>
  <datafield tag="650" ind1=" " ind2="7">
   <subfield code="a">Performance</subfield>
   <subfield code="x">Psychological aspects</subfield>
   <subfield code="2">fast</subfield>
  </datafield>
  <datafield tag="650" ind1=" " ind2="7">
   <subfield code="a">Success</subfield>
   <subfield code="x">Psychological aspects</subfield>
   <subfield code="2">fast</subfield>
  </datafield>
  <datafield tag="700" ind1="1" ind2=" ">
   <subfield code="a">Lake, Kevin,</subfield>
   <subfield code="e">author.</subfield>
  </datafield>
  <datafield tag="776" ind1="0" ind2="8">
   <subfield code="i">Print version:</subfield>
   <subfield code="a">Gervais, Michael (Psychologist).</subfield>
   <subfield code="t">First rule of mastery.</subfield>
   <subfield code="d">Boston, Massachusetts : Harvard Business Review Press, [2024]</subfield>
   <subfield code="z">9781647823245</subfield>
   <subfield code="w">(DLC)  2023018764</subfield>
   <subfield code="w">(OCoLC)1407057376</subfield>
  </datafield>
  <datafield tag="856" ind1="4" ind2="0">
   <subfield code="3">EBSCOhost</subfield>
   <subfield code="u">https://zdroje.vse.cz/login?url=https://search.ebscohost.com/login.aspx?direct=true&amp;scope=site&amp;db=nlebk&amp;db=nlabk&amp;AN=3543112</subfield>
   <subfield code="y">Plný text</subfield>
  </datafield>
  <datafield tag="BAS" ind1=" " ind2=" ">
   <subfield code="a">HBR</subfield>
  </datafield>
  <datafield tag="BAS" ind1=" " ind2=" ">
   <subfield code="a">EB</subfield>
  </datafield>
  <datafield tag="993" ind1=" " ind2=" ">
   <subfield code="x">NEPOSILAT</subfield>
   <subfield code="y">EB</subfield>
  </datafield>
  <datafield tag="049" ind1=" " ind2=" ">
   <subfield code="a">MAIN</subfield>
  </datafield>
  <datafield tag="938" ind1=" " ind2=" ">
   <subfield code="a">EBSCOhost</subfield>
   <subfield code="b">EBSC</subfield>
   <subfield code="n">3543112</subfield>
  </datafield>
  <datafield tag="994" ind1=" " ind2=" ">
   <subfield code="a">92</subfield>
   <subfield code="b">N$T</subfield>
  </datafield>
 </record>
</collection>
